000 00507nam a22001455i 4500
001 169696
003 ES-MaACL
005 20230906214152.0
008 081106s1899 sp |||| | spa d
245 0 0 _aCrónica del primer ensayo de movilización general de la Cruz Roja Española verificado en Tudela de Navarra el 20 de noviembre de 1898.
260 _aMadrid :
_b[s.n.],
_c1899 (
_fRomero)
300 _a96 p. :
_bil. ;
_c26 cm.
610 2 _aCruz Roja Española.
_93322
852 _aES-MaACL
_jT-845-F-13
999 _c169696
_d169696